| 000 | 00390nam a22001457a 4500 | ||
|---|---|---|---|
| 008 | 230605b |||||||| |||| 00| 0 eng d | ||
| 040 |
_aNational Science Library _cNational Science Library |
||
| 080 |
_a616-03 _bN8 |
||
| 245 | _aSymptom relief in terminal illness | ||
| 260 |
_aGeneva: _bWHO, _c1998 |
||
| 300 | _a109p. | ||
| 650 | _aBiology | ||
| 653 | _aIllness | ||
| 942 |
_2udc _cREF |
||
| 999 |
_c38954 _d38954 |
||